| 000 | 00757nam a2200217Ia 4500 | ||
|---|---|---|---|
| 001 | 7382 | ||
| 003 | GE_BSU | ||
| 008 | 181216s||||||||xx |||||||||||||| ||und|| | ||
| 040 | _cGE_BSU | ||
| 080 | _a624.15 | ||
| 100 | _aДенисов,О.Г. | ||
| 245 | _aОснования и фундаменты: промышленных зданий(с элементами грунтоведения и механики грунтов). | ||
| 245 | _cРед. Н.Н.Бородина. | ||
| 260 | _aМ. | ||
| 260 | _bВысш. школа. | ||
| 260 | _c1968. | ||
| 300 | _a375стр. 23см. илл 208. 93 библиогр. | ||
| 300 | _eтабл.54. | ||
| 653 | _aОснования и фундаменты: промышленных зданий. | ||
| 942 | _cBK | ||
| 999 |
_c40743 _d40743 |
||